| 000 | 00607cam a22001097a 4500 | ||
|---|---|---|---|
| 008 | 180718b1962 xxu||||| |||| 00| 0 eng d | ||
| 082 | _aB7x42 UN3WM | ||
| 245 |
_aWest Midlands Special Review Area: report of Inspectors appointed by the Minister of Housing and Local Government to hear objections to the proposals of the Local Government Commission for England for a pattern of County Boroughs for the Black Country _cby Ministry of Housing and Local Government |
||
| 260 |
_aLondon _bHer Majesty's Stationery Office _c1962 |
||
| 300 | _a101p. | ||
| 700 | _aUnited Kingdom. Ministry of Housing and Local Government | ||
| 999 |
_c489072 _d489072 |
||